| Tag |
First Indicator |
Second Indicator |
Subfields |
| LEADER |
00000cam a2200000 a 4500 |
| 001 |
in00000015875 |
| 005 |
20151007052625.0 |
| 008 |
860327s1986 nyua b 00110 eng |
| 010 |
|
|
|a 86042724
|
| 020 |
|
|
|a 084780755X
|
| 035 |
|
|
|a (OCoLC)14961335
|
| 035 |
|
|
|9 AAA8556AM
|
| 040 |
|
|
|a DLC
|c DLC
|d m/c
|d TXA
|d UtOrBLW
|
| 041 |
1 |
|
|a eng
|a ger
|
| 043 |
|
|
|a e-gw---
|
| 049 |
|
|
|a TXAM
|c [A11056477]
|
| 050 |
0 |
0 |
|a N6488.G3
|b C6469513 1986
|
| 100 |
1 |
|
|a Ruhrberg, Karl.
|
| 240 |
1 |
0 |
|a Kunst im 20. Jahrhundert.
|l English
|
| 245 |
1 |
0 |
|a Twentieth century art :
|b painting and sculpture in the Ludwig Museum /
|c Karl Ruhrberg.
|
| 264 |
|
1 |
|a New York :
|b Rizzoli,
|c 1986.
|
| 300 |
|
|
|a 327 pages :
|b illustrations (some color) ;
|c 33 cm.
|
| 336 |
|
|
|a text
|b txt
|2 rdacontent
|
| 337 |
|
|
|a unmediated
|b n
|2 rdamedia
|
| 338 |
|
|
|a volume
|b nc
|2 rdacarrier
|
| 500 |
|
|
|a Translation of: Kunst im 20. Jahrhundert.
|
| 504 |
|
|
|a Bibliography: pages 307-308.
|
| 500 |
|
|
|a Includes index.
|
| 650 |
|
0 |
|a Art, Modern
|y 20th century.
|
| 650 |
|
0 |
|a Art
|z Germany (West)
|z Cologne.
|
| 610 |
2 |
0 |
|a Museum Ludwig.
|
| 710 |
2 |
|
|a Museum Ludwig.
|
| 999 |
|
|
|a MARS
|
| 999 |
f |
f |
|s 71a99c38-010c-34a9-a228-21470ef9f73f
|i 483efbbd-4d7e-3638-a139-3e66d25b3f38
|t 0
|
| 952 |
f |
f |
|p ric
|a Texas A&M University
|b Rellis Campus
|c Joint Library Facility
|d Remote Storage
|t 0
|e N6488.G3 C6469513 1986
|h Library of Congress classification
|i unmediated -- volume
|m A14811056477
|
| 998 |
f |
f |
|a N6488.G3 C6469513 1986
|t 0
|l Remote Storage
|